MARC

LEADER 00000nam0a2200000 4500
001 287426
005 20231102000004.0
020 |a RU  |b 85-75122 
035 |a (RuTPU)RU\TPU\book\311826 
090 |a 287426 
100 |a 20150316d1985 m y0rusy5003 ca 
101 0 |a rus 
102 |a RU 
105 |a a j 001zy 
200 1 |a Прикладные математические методы анализа в радиотехнике  |e учебное пособие  |f Ю. А. Евсиков [и др.]  |g под ред. Г. В. Обрезкова 
210 |a Москва  |c Высшая школа  |d 1985 
215 |a 343 с.  |c ил. 
320 |a Библиогр.: с. 336-339 
320 |a Предм. указ.: с. 340-341 
606 1 |a Радиотехника  |x Математические методы  |2 stltpush  |3 (RuTPU)RU\TPU\subj\23194  |9 47830 
610 1 |a радиотехнические сигналы 
610 1 |a непрерывные линейные системы 
610 1 |a детерминированные воздействия 
610 1 |a статистический анализ 
610 1 |a нелинейные системы 
610 1 |a режимы 
610 1 |a случайные воздействия 
610 1 |a учебные пособия 
675 |a 621.396:51(075.8)  |v 3 
701 1 |a Евсиков  |b Ю. А.  |g Юрий Александрович 
701 1 |a Обрезков  |b Г. В.  |g Георгий Валентинович 
701 1 |a Разевиг  |b В. Д.  |g Всеволод Данилович 
701 1 |a Чапурский  |b В. В.  |g Валерий Викторович 
702 1 |a Обрезков  |b Г. В.  |g Георгий Валентинович  |4 340 
801 0 |a RU  |b RuMRKP  |c 19950704  |g psbo 
801 1 |a RU  |b 63413507  |c 20150316 
801 2 |a RU  |b 63413507  |c 20171121  |g RCR 
942 |c BK